000
00329nam a2200133Ia 4500
008
191201s2012 xx 000 0 und d
100
_a
MOTHE,Madhusudan
245
0
_a
C++ Programming a Practical Approach
250
_a
1st
260
_a
New Delhi
_b
pearson
_c
2012
300
_a
453
650
_a
M.Tech(CSE)
942
_2
ddc
_c
BK
_0
24
999
_c
5975
_d
5975